[Event "Mechanics' Winter TNM; G/2"]
[Site "San Francisco"]
[Date "2016.01.12"]
[Round "2.41"]
[White "Enkh, Tergelsar"]
[Black "Purland, Matthew"]
[Result "0-1"]
[WhiteElo "1038"]
[BlackElo "1560"]
[Annotator "Donaldson"]
[PlyCount "82"]
[EventDate "2016.??.??"]

1. e4 e6 2. d4 d5 3. Nc3 dxe4 4. Nxe4 Bd7 5. Nf3 Bc6 6. Bd3 Nd7 7. O-O Ngf6 8.
Bg5 Be7 9. Re1 $6 Nxe4 10. Bxe7 {Diagram #} Nxf2 $1 11. Kxf2 Qxe7 12. c4 $2 (
12. c3) 12... Bxf3 13. Qxf3 Qh4+ 14. Ke2 c6 15. d5 Ne5 16. Qg3 Qxg3 17. hxg3
cxd5 18. cxd5 exd5 19. Kd2 f6 20. g4 O-O 21. Bf5 Rfe8 22. Re2 g6 23. Bc2 Nc4+
24. Ke1 Kf7 25. Ba4 Rxe2+ 26. Kxe2 Nb6 27. Bb5 a6 28. Bd3 Re8+ 29. Kf2 Ke6 30.
Re1+ Kd7 31. Rxe8 Kxe8 32. Ke3 Ke7 33. Kd4 Kd6 34. b3 Nd7 35. b4 Ne5 36. Be2
Nc6+ 37. Kc3 d4+ 38. Kc4 b5+ 39. Kb3 Ne5 40. Kc2 Kd5 41. Bd3 Nxg4 0-1

[Event "Mechanics' Fall TNM; G/2"]
[Site "San Francisco"]
[Date "2016.10.25"]
[Round "2.34"]
[White "Enkh, Tergelsar"]
[Black "Rakonitz, David"]
[Result "0-1"]
[WhiteElo "1307"]
[BlackElo "1646"]
[PlyCount "76"]
[EventDate "2016.??.??"]

1. e4 e6 2. d4 d5 3. Nc3 Bb4 4. e5 c5 5. Nf3 Nc6 6. a3 cxd4 7. axb4 dxc3 8.
bxc3 Qc7 9. Bb5 Bd7 10. Bf4 Nge7 11. O-O Ng6 12. Bg3 O-O 13. Re1 a6 14. Bd3
Nce7 15. Qd2 Rfc8 16. Ra3 Bc6 17. Nd4 Qb6 18. Qg5 Bb5 19. Bxb5 axb5 20. Rxa8
Rxa8 21. Qe3 Rc8 22. Qd3 Rc4 23. Ra1 Nc6 24. Nxc6 bxc6 25. Ra8+ Nf8 26. Ra5 h6
27. Kf1 c5 28. f3 cxb4 29. cxb4 Rxb4 30. Ra3 Rc4 31. Bf2 Qc6 32. c3 b4 33. cxb4
Rxb4 34. Rc3 Qb7 35. Bc5 Rb1+ 36. Kf2 Rb2+ 37. Kf1 Ng6 38. Bd4 Nf4 0-1

[Event "Mechanics' Spring TNM; G/2"]
[Site "San Francisco"]
[Date "2016.04.26"]
[Round "7.34"]
[White "Enkh, Tergelsar"]
[Black "Rakonitz, David"]
[Result "0-1"]
[WhiteElo "1081"]
[BlackElo "1660"]
[PlyCount "56"]
[EventDate "2016.??.??"]

1. e4 e6 2. d4 d5 3. Nc3 dxe4 4. Nxe4 Nd7 5. Nf3 Ngf6 6. Bd3 c5 7. Qe2 cxd4 8.
Nxd4 Be7 9. O-O O-O 10. Bf4 e5 11. Be3 exd4 12. Bxd4 Qc7 13. c3 Re8 14. f3 b6
15. Rfe1 Bb7 16. Rad1 Kf8 17. Kf1 Qxh2 18. g4 Qxe2+ 19. Rxe2 Nxe4 20. Bxe4 Bxe4
21. Rxe4 Bg5 22. Rxe8+ Rxe8 23. Re1 Rxe1+ 24. Kxe1 g6 25. Ke2 Ke7 26. Kd3 Kd6
27. Kc4 Kc6 28. a4 a6 0-1

[Event "Mechanics' Summer TNM; G/2"]
[Site "San Francisco"]
[Date "2016.06.28"]
[Round "6.32"]
[White "Enkh, Tergelsar"]
[Black "Simpkins, Jerry"]
[Result "0-1"]
[WhiteElo "1205"]
[BlackElo "1538"]
[Annotator "Donaldson"]
[PlyCount "52"]
[EventDate "2016.??.??"]

1. e4 e5 2. Nf3 f5 3. Nc3 (3. Nxe5 Qf6 4. Nc4 fxe4 5. Nc3 Qg6 6. d3 Bb4 7. Bd2
exd3 8. Bxd3 Qxg2 9. Qh5+ Kf8 10. O-O-O {is what White wants.}) 3... d6 4. Bc4
(4. d4) 4... fxe4 5. Nxe4 d5 6. Nxe5 dxc4 7. Qh5+ g6 8. Nxg6 hxg6 9. Qxh8 Kf7
10. Qe5 Be7 11. b3 Nc6 12. Qf4+ Bf5 13. Ng3 (13. Bb2) 13... Qd4 14. Qxd4 Nxd4
15. Nxf5 Nxc2+ 16. Kd1 Nxa1 (16... cxb3 $1) 17. Nxe7 Nxe7 {Diagram [#]} 18. Bb2
$2 (18. bxc4 $1) 18... cxb3 19. Bxa1 bxa2 20. Kc2 Rd8 21. Bc3 Nd5 22. Ra1 Re8
23. Rxa2 a6 (23... Nxc3 24. Kxc3 a6) 24. Bd4 $4 (24. Kd1) 24... Nb4+ 25. Kb3
Nxa2 26. Kxa2 Re4 0-1

[Event "Mechanics' Alan Benson TNM; G/2"]
[Site "San Francisco"]
[Date "2016.09.06"]
[Round "6.35"]
[White "Enkh, Tergelsar"]
[Black "Yanofsky, Kevin"]
[Result "0-1"]
[WhiteElo "1208"]
[BlackElo "1415"]
[Annotator "Winslow,Elliott"]
[PlyCount "60"]
[EventDate "2016.??.??"]

1. e4 c5 2. Nf3 g6 3. d4 cxd4 4. Nxd4 Nc6 5. Nb3 Bg7 6. c3 Nf6 7. Bd3 O-O 8.
Be3 d5 9. N1d2 Ne5 10. Bc2 b6 11. f3 Ba6 12. Nd4 Rc8 13. N2b3 dxe4 14. Bxe4
Nxe4 15. fxe4 Nc4 (15... Nd3+ 16. Kd2 Nxb2) 16. Bc1 e5 17. Nf3 Qxd1+ 18. Kxd1
Rfd8+ 19. Kc2 Rc7 20. Rd1 Rxd1 21. Kxd1 Bb7 22. Nfd2 Ne3+ 23. Ke2 Nxg2 24. Kf3
Nf4 25. Nf1 Ne6 26. Ng3 Bf8 27. Be3 Rd7 28. Ke2 h5 29. Rd1 Rxd1 30. Kxd1 h4 0-1

[Event "Mechanics' Alan Benson TNM; G/2"]
[Site "San Francisco"]
[Date "2016.09.06"]
[Round "6.33"]
[White "Erdenebat, Erdenem"]
[Black "Chan, John"]
[Result "0-1"]
[WhiteElo "568"]
[BlackElo "1583"]
[PlyCount "54"]
[EventDate "2016.??.??"]

1. e4 e6 2. d4 d5 3. Nc3 Nf6 4. Nf3 dxe4 5. Ng5 Bb4 6. Bc4 h6 7. Nh3 c6 8. Bb3
b5 9. O-O a5 10. a4 Bxc3 11. bxc3 O-O 12. Be3 Na6 13. Nf4 Nc7 14. Qd2 Kh7 15.
c4 b4 16. c5 Ba6 17. Rfd1 Ncd5 18. h3 g5 19. Nxd5 exd5 20. c3 bxc3 21. Qxc3 Rg8
22. f3 Be2 23. Re1 exf3 24. gxf3 Bxf3 25. Rf1 g4 26. Kh2 Qc7+ 27. Kg1 Qg3# 0-1

[Event "Mechanics' Alan Benson TNM; G/2"]
[Site "San Francisco"]
[Date "2016.09.20"]
[Round "8.40"]
[White "Erdenebat, Erdenem"]
[Black "Nassif, Wassim"]
[Result "1-0"]
[WhiteElo "568"]
[BlackElo "1177"]
[PlyCount "125"]
[EventDate "2016.??.??"]

1. e4 e5 2. Nf3 Nc6 3. Bc4 Bc5 4. d3 Nf6 5. Nc3 O-O 6. Bg5 Be7 7. d4 d6 8. d5
Na5 9. b3 Nxc4 10. bxc4 c6 11. O-O c5 12. Qd3 a6 13. h3 Nd7 14. Qd2 Nb6 15.
Bxe7 Qxe7 16. Qd3 Bd7 17. a4 Nc8 18. Qe3 Rb8 19. Qg5 b5 20. cxb5 axb5 21. axb5
Bxb5 22. Nxb5 Rxb5 23. Ra8 Qxg5 24. Nxg5 Rb2 25. Rc1 Nb6 26. Rxf8+ Kxf8 27.
Nxh7+ Kg8 28. Ng5 Nc4 29. g4 Na3 30. c3 c4 31. h4 Rb1 32. Rxb1 Nxb1 33. Kg2
Nxc3 34. Nf3 Nd1 35. Ne1 Nb2 36. Nf3 Nd3 37. Kf1 Nb4 38. Ne1 c3 39. Ke2 Kh7 40.
Nd3 Na2 41. Kd1 g6 42. Kc2 f5 43. f3 fxg4 44. fxg4 g5 45. hxg5 Kg6 46. Kb3 Nc1+
47. Nxc1 Kxg5 48. Kxc3 Kxg4 49. Kd3 Kf3 50. Nb3 Kf4 51. Na5 Kg5 52. Nb7 Kf6 53.
Nxd6 Ke7 54. Nc8+ Kd8 55. Nb6 Kc7 56. Nc4 Kd7 57. Nxe5+ Kd6 58. Kd4 Ke7 59. Kc5
Kd8 60. d6 Kc8 61. Kc6 Kd8 62. d7 Ke7 63. Kc7 1-0

[Event "Mechanics' Summer TNM; G/2"]
[Site "San Francisco"]
[Date "2016.05.24"]
[Round "1.25"]
[White "Erdenebileg, Enkhj"]
[Black "Andries, W Craig"]
[Result "0-1"]
[WhiteElo "1025"]
[BlackElo "1862"]
[PlyCount "110"]
[EventDate "2016.??.??"]

1. e4 d6 2. d4 Nf6 3. Nc3 g6 4. Nf3 Bg7 5. Bc4 O-O 6. O-O e6 7. e5 dxe5 8. Nxe5
a6 9. a4 Nbd7 10. Bf4 Nh5 11. Nxd7 Bxd7 12. Be5 Bc6 13. f3 Bxe5 14. dxe5 Qg5
15. Qe1 Rad8 16. Rf2 Nf4 17. Kf1 Qh4 18. g3 Qh3+ 19. Kg1 Nd5 20. Nxd5 Bxd5 21.
Bf1 Qh6 22. Rd1 Bc6 23. Rxd8 Rxd8 24. b3 Qf8 25. Bg2 Qc5 26. f4 Rd4 27. Bxc6
bxc6 28. Kg2 Qd5+ 29. Kh3 Rd1 30. Qc3 h5 31. Qf3 Qd4 32. Qe2 a5 33. g4 hxg4+
34. Kxg4 Kg7 35. Rg2 Qd5 36. Qf3 Rd4 37. Qxd5 cxd5 38. Kf3 c5 39. Ke3 f6 40.
exf6+ Kxf6 41. Rf2 Kf5 42. c3 Re4+ 43. Kd3 c4+ 44. bxc4 dxc4+ 45. Kd2 Rxf4 46.
Ke3 Rxf2 47. Kxf2 Kf4 48. Ke2 g5 49. Kf2 e5 50. Ke2 Ke4 51. h3 Kf4 52. Kf2 e4
53. Kg2 e3 54. Kf1 Kf3 55. Ke1 e2 0-1

[Event "Mechanics' Alan Benson TNM; G/2"]
[Site "San Francisco"]
[Date "2016.08.02"]
[Round "1.25"]
[White "Erdenebileg, Enkhj"]
[Black "Frank, Robert H"]
[Result "1-0"]
[WhiteElo "1160"]
[BlackElo "1293"]
[PlyCount "67"]
[EventDate "2016.??.??"]

1. e4 e5 2. Nf3 Nf6 3. Nc3 Nc6 4. d4 exd4 5. Nxd4 d6 6. Bb5 a6 $2 7. Nxc6 bxc6
8. Bxc6+ Bd7 9. Bxa8 Qxa8 10. Qe2 Bc6 11. Bg5 Be7 12. O-O O-O 13. Rfe1 Re8 14.
a4 Nxe4 15. Bxe7 Rxe7 16. f3 Qa7+ 17. Qe3 Qxe3+ 18. Rxe3 d5 19. Nxd5 Bxd5 20.
Rd1 Bc6 21. Rd8+ Be8 22. Rxe4 Rxe4 23. fxe4 Kf8 24. Ra8 Ke7 25. Rxa6 c6 26. b4
g6 27. Ra5 Kd6 28. b5 cxb5 29. axb5 Kc5 30. c4 Kxc4 31. b6 Bc6 32. Ra1 Bxe4 33.
Ra4+ Kb5 34. Rxe4 1-0

[Event "Mechanics' Alan Benson TNM; G/2"]
[Site "San Francisco"]
[Date "2016.08.23"]
[Round "4.28"]
[White "Erdenebileg, Enkhj"]
[Black "Handler, Andrew Todd"]
[Result "0-1"]
[WhiteElo "1160"]
[BlackElo "1701"]
[Annotator "Donaldson"]
[PlyCount "80"]
[EventDate "2016.??.??"]

1. e4 c5 2. Nf3 Nc6 3. d4 cxd4 4. Nxd4 g6 5. Bc4 Bg7 6. Be3 Nf6 7. Nc3 O-O 8.
O-O (8. Bb3 d6 9. f3 Bd7 10. Qd2) 8... d6 9. Nxc6 (9. h3) 9... bxc6 10. Bb3 e6
11. Bg5 Qc7 12. f4 d5 13. e5 Nd7 14. Ne2 Ba6 15. Rf2 c5 16. c3 Rab8 17. Qc2
Bxe2 18. Qxe2 c4 19. Ba4 Nc5 20. b3 Ne4 21. Rf3 cxb3 22. axb3 Nxc3 23. Qc2 Qb6+
24. Qf2 Nxa4 25. Rxa4 Qxf2+ 26. Kxf2 Rb7 27. Ra1 Rfb8 28. Rc1 h6 29. Bf6 Kf8
30. Rfc3 Bxf6 31. exf6 Ke8 32. Rc8+ Rxc8 33. Rxc8+ Kd7 34. Rc3 Kd6 35. Ke3 e5
36. g4 d4+ 37. Kd3 dxc3 38. Kxc3 exf4 39. b4 Kd5 40. Kd3 Rxb4 0-1

[Event "Mechanics' Alan Benson TNM; G/2"]
[Site "San Francisco"]
[Date "2016.09.06"]
[Round "6.31"]
[White "Erdenebileg, Enkhj"]
[Black "Simpkins, Jerry"]
[Result "0-1"]
[WhiteElo "1160"]
[BlackElo "1542"]
[PlyCount "44"]
[EventDate "2016.??.??"]

1. e4 e5 2. Nf3 f5 3. Nc3 fxe4 4. Nxe4 d5 5. Ng3 e4 6. Nd4 Nf6 7. d3 Bc5 8. Be3
Bd6 9. dxe4 dxe4 10. Nh5 O-O 11. Bc4+ Kh8 12. Nxf6 Qxf6 13. O-O Nc6 14. Nxc6
bxc6 15. Bd4 Qh4 16. h3 Bxh3 17. Bxg7+ Kxg7 18. Qd4+ Rf6 19. gxh3 Qxh3 20. f4 {
Diagram [#]} Bc5 21. Qxc5 Qg3+ 22. Kh1 Rh6+ 0-1

[Event "Mechanics' Spring TNM; G/2"]
[Site "San Francisco"]
[Date "2016.05.03"]
[Round "8.45"]
[White "Erdenebileg, Enkhjin"]
[Black "Donnelly, Patrick"]
[Result "0-1"]
[WhiteElo "1089"]
[BlackElo "1505"]
[PlyCount "40"]
[EventDate "2016.??.??"]

1. e4 c5 2. Nc3 Nc6 3. Nf3 e6 4. Bb5 a6 5. Bxc6 bxc6 6. d4 cxd4 7. Qxd4 Rb8 8.
a3 Qc7 9. O-O Nf6 10. b4 Be7 11. Qe5 d6 12. Qg3 e5 13. Qxg7 Rg8 14. Qh6 Rg6 15.
Qh4 Bg4 16. Ng5 h6 17. Nh3 Nxe4 18. Ng5 Nxc3 19. Qxg4 Bxg5 20. Bxg5 Rxg5 {
and Black went on to win.} 0-1

[Event "Mechanics' Spring TNM; G/2"]
[Site "San Francisco"]
[Date "2016.04.05"]
[Round "4.33"]
[White "Erdenebileg, Enkhjin"]
[Black "Gomez, Davi Flores"]
[Result "0-1"]
[WhiteElo "1089"]
[BlackElo "1836"]
[Annotator "Donaldson"]
[PlyCount "66"]
[EventDate "2016.??.??"]

1. e4 e5 2. Nf3 Nc6 3. Nc3 Nf6 4. d4 exd4 5. Nxd4 Be7 6. Bc4 O-O 7. Nf3 d6 8.
h3 g6 9. O-O Nh5 10. Nd5 Ne5 11. Nxe5 dxe5 12. Be2 Ng7 13. Bh6 Bd6 14. Bg4 Be6
15. c4 c6 16. Ne3 Qe7 17. Qd3 Rad8 18. Rad1 Bc5 19. Qc3 Bd4 20. Qc2 Qh4 21.
Bxg7 Kxg7 22. Bxe6 fxe6 23. Qe2 Qxe4 (23... b6 24. b4 Rd7 25. Rd2 Rdf7 26. Ng4
Qg3) 24. b4 Rd7 25. Rd2 Rdf7 26. Ng4 Qf4 27. Rd3 h5 28. Rf3 Qg5 29. Nh2 Rxf3
30. Nxf3 Qf4 31. Nxd4 exd4 32. Re1 Rf6 33. Rd1 e5 0-1

[Event "Mechanics' Summer TNM; G/2"]
[Site "San Francisco"]
[Date "2016.07.05"]
[Round "7.45"]
[White "Erdenebileg, Enkhjin"]
[Black "Otterbach, Renate"]
[Result "1-0"]
[WhiteElo "1025"]
[BlackElo "935"]
[Annotator "Donaldson"]
[PlyCount "83"]
[EventDate "2016.??.??"]

1. e4 e6 2. d4 d5 3. e5 c5 4. dxc5 Bxc5 5. Nf3 Qb6 6. Qe2 Bd7 7. Be3 Bxe3 8.
Qxe3 Qxb2 9. Qb3 Qxa1 10. Qxb7 Ne7 11. Bd3 O-O 12. O-O Nbc6 13. Qxd7 Qb2 14.
Qd6 Rab8 15. Qa3 Qxa3 16. Nxa3 f6 17. exf6 Rxf6 18. Re1 Rb2 19. Ng5 Rxa2 20.
Nb5 h6 21. Nxe6 Nb4 22. f3 Nxd3 23. cxd3 a5 24. Nxg7 Kxg7 25. Rxe7+ Rf7 26. Re1
a4 27. Nc3 Ra3 28. Nxd5 Rxd3 29. Ra1 Ra7 30. Nb6 a3 31. Ra2 Rb7 32. Nc4 Rb1+
33. Kf2 Rbb3 34. g4 Rxf3+ 35. Kg2 Kf6 36. Nd2 Rb2 $4 (36... Rh3 37. Nxb3 Rxb3
38. Rf2+ {
otherwise Black will get in ...Rb2+ with a winning king and pawn ending.} Kg5
39. Rf8 Kxg4 $19) 37. Rxb2 axb2 38. Kxf3 Kg5 39. Kg3 Kg6 40. h4 h5 41. g5 Kf5
42. Kf3 1-0

[Event "Mechanics' Summer TNM; G/2"]
[Site "San Francisco"]
[Date "2016.06.14"]
[Round "4.46"]
[White "Erdenebileg, Enkhjin"]
[Black "Starr, Albert Martin"]
[Result "0-1"]
[WhiteElo "1025"]
[BlackElo "1517"]
[PlyCount "118"]
[EventDate "2016.??.??"]

1. e4 e5 2. Nf3 Nf6 3. Nc3 Bb4 4. Bc4 d6 5. d3 O-O 6. O-O h6 7. a3 Ba5 8. b4
Bb6 9. Be3 Bxe3 10. fxe3 Bg4 11. d4 Nbd7 12. Be2 Bxf3 13. Bxf3 c6 14. Qd3 Re8
15. Rad1 b5 16. dxe5 Nxe5 17. Qxd6 Nc4 18. Qxd8 Raxd8 19. Rxd8 Rxd8 20. Re1
Nxa3 21. Bd1 Rd2 22. e5 Nd7 23. Re2 Rxe2 24. Nxe2 Nxe5 25. Nd4 Nac4 26. Kf2 a5
27. bxa5 Nxa5 28. c3 Kf8 29. Kg3 g5 30. h4 f6 31. hxg5 hxg5 32. Ne6+ Ke7 33.
Nc5 Nac4 34. Kf2 Kd6 35. Ne4+ Ke6 36. Bb3 Ke7 37. Bxc4 Nxc4 38. Ke2 Ke6 39. Kd3
Ke5 40. Ng3 c5 41. Ne2 Nd6 42. Nc1 c4+ 43. Kd2 Ke4 44. Ne2 Nf5 45. g3 Nxe3 46.
Nd4 Nf1+ 47. Ke2 Nxg3+ 48. Kf2 Nf5 49. Nxb5 Kd3 50. Kf3 Nh6 51. Kg3 f5 52. Kf3
Ng4 53. Kg3 Ne3 54. Kf2 Nd1+ 55. Kf1 Nxc3 56. Nd6 f4 57. Kf2 Ne4+ 58. Nxe4 Kxe4
59. Ke2 f3+ 0-1

[Event "Mechanics' Alan Benson TNM; G/2"]
[Site "San Francisco"]
[Date "2016.09.20"]
[Round "8.43"]
[White "Erdenebileg, Erkhe"]
[Black "Cowgill, Jackie"]
[Result "1-0"]
[WhiteElo "1351"]
[BlackElo "991"]
[Annotator "Donaldson"]
[PlyCount "45"]
[EventDate "2016.??.??"]

1. e4 e5 2. Nf3 Nc6 3. Bc4 Bc5 4. c3 Nf6 5. d4 exd4 6. cxd4 Bb4+ 7. Nc3 O-O (
7... Nxe4) 8. e5 (8. d5) 8... Ne4 (8... d5) 9. Qc2 Nxc3 $2 (9... d5) 10. bxc3
Be7 11. O-O d6 12. exd6 Bxd6 13. Ng5 g6 14. Qe4 Be7 15. Qh4 Bxg5 16. Bxg5 Qd6
17. d5 Ne7 18. Bxe7 Qe5 19. Bxf8 Kxf8 20. Rfe1 Qxc3 21. Qh6+ Qg7 22. Re8+ Kxe8
23. Qxg7 1-0

[Event "Mechanics' Fall TNM; G/2"]
[Site "San Francisco"]
[Date "2016.10.18"]
[Round "1.40"]
[White "Erdenebileg, Erkhe"]
[Black "Handler, Andrew To"]
[Result "0-1"]
[WhiteElo "1365"]
[BlackElo "1701"]
[Annotator "Donaldson"]
[PlyCount "54"]
[EventDate "2016.??.??"]

1. e4 c5 2. Nf3 Nc6 3. d4 cxd4 4. Nxd4 g6 5. Be3 Nf6 6. Nc3 Bg7 7. Be2 O-O 8.
O-O e6 $6 (8... d6) (8... d5) 9. Nb3 (9. Qd2) 9... d5 10. exd5 exd5 11. Bg5 Be6
12. Qd2 d4 13. Nb5 Bxb3 14. axb3 a6 15. Na3 b5 16. Bf3 Rc8 17. Rfd1 Qb6 18.
Bxf6 Bxf6 19. Rab1 Rcd8 20. Re1 Ne5 21. Be4 Rfe8 22. Bd3 Nxd3 23. Qxd3 Qc6 24.
Rxe8+ Rxe8 25. Rd1 Qe6 26. g3 Qg4 27. f3 $2 (27. Kg2) 27... Qh5 {White is much
worse due to the the threat of ...Re3 and ...We5 but resignation seems
premature.} 0-1

[Event "Mechanics' Alan Benson TNM; G/2"]
[Site "San Francisco"]
[Date "2016.08.30"]
[Round "5.42"]
[White "Erdenebileg, Erkhe"]
[Black "Harris, Clarence"]
[Result "0-1"]
[WhiteElo "1351"]
[BlackElo "1400"]
[Annotator "Winslow,Elliott"]
[PlyCount "106"]
[EventDate "2016.??.??"]

1. e4 e5 2. Nf3 Nc6 3. Bc4 Nf6 4. d3 Be7 5. Nc3 d6 6. h3 O-O 7. O-O Na5 8. Bb3
Nxb3 9. axb3 Bd7 10. Be3 c5 11. Nd5 Nxd5 12. exd5 Bf6 13. c3 Re8 14. Nd2 Bf5
15. Ne4 Bxe4 16. dxe4 Qc7 17. c4 Rec8 18. Qd2 Qb6 19. b4 Qxb4 20. Qxb4 cxb4 21.
b3 Bd8 22. Rxa7 Rxa7 23. Bxa7 b6 24. Ra1 Ra8 25. Ra4 Bc7 26. Kf1 Kf8 (26... Bb8
$1 27. Bxb8 $1 (27. Bxb6 $4 Rxa4 28. bxa4 b3) 27... Rxa4 28. Bxd6 Ra1+ 29. Ke2
f6 $1 $11) 27. Ke2 Ke8 28. Kd3 Kd8 29. c5 bxc5 30. Bb6 Rxa4 31. Bxc7+ Kxc7 32.
bxa4 Kb6 33. Kc4 Ka5 34. Kb3 c4+ 35. Kxc4 Kxa4 36. f4 f6 37. fxe5 fxe5 38. Kd3
Ka3 39. Kc2 Ka2 40. Kc1 b3 41. g4 b2+ 42. Kd2 b1=Q 43. g5 Qh1 44. g6 hxg6 45.
h4 Qxe4 46. h5 Qxd5+ 47. Kc3 gxh5 48. Kc2 h4 49. Kc3 h3 50. Kb4 h2 51. Kc3 h1=Q
52. Kb4 Qc1 53. Ka4 Qcc4# 0-1

[Event "Mechanics' Alan Benson TNM; G/2"]
[Site "San Francisco"]
[Date "2016.09.06"]
[Round "6.41"]
[White "Erdenebileg, Erkhe"]
[Black "Otterbach, Renate"]
[Result "0-1"]
[WhiteElo "1351"]
[BlackElo "991"]
[PlyCount "39"]
[EventDate "2016.??.??"]

1. e4 e6 2. d4 d5 3. Nc3 c5 4. Be3 Qb6 5. dxc5 Qxb2 6. Nb5 Qb4+ 7. c3 Qa5 8.
exd5 a6 9. Nd6+ Bxd6 10. cxd6 Qxc3+ 11. Bd2 Qe5+ 12. Be3 Qxd6 13. dxe6 Qxe6 14.
Nf3 Nf6 15. Ng5 Qe7 16. Bc4 Be6 17. Nxe6 fxe6 18. O-O b5 19. Be2 O-O 20. Rc1 {
both scoresheets say "22...Nd6" and it's downhill from there. So "....0-1"} 0-1

[Event "Mechanics' Alan Benson TNM; G/2"]
[Site "San Francisco"]
[Date "2016.08.09"]
[Round "2.34"]
[White "Erdenebileg, Erkhes"]
[Black "Casares Jr, Nick"]
[Result "0-1"]
[WhiteElo "1351"]
[BlackElo "1617"]
[PlyCount "81"]
[EventDate "2016.??.??"]

1. e4 e5 2. Nf3 Nc6 3. Bc4 Nf6 4. d3 d5 5. exd5 Nxd5 6. Bxd5 Qxd5 7. Nc3 Qd8 8.
O-O Bg4 9. h3 Bh5 10. Qe2 f6 11. Be3 Be7 12. Ne4 O-O 13. Ng3 Bg6 14. Nh4 Bf7
15. Nhf5 Bg6 16. Nxe7+ Qxe7 17. Ne4 Nd4 18. Bxd4 exd4 19. Ng3 Qb4 20. Rab1 Rfe8
21. Qf3 Re7 22. a3 Qb6 23. c3 Rae8 24. Qd5+ Bf7 25. Qxd4 c5 26. Qf4 Ba2 27. Ra1
Qxb2 28. Qc1 Qxc1 29. Rfxc1 Bf7 30. Nf5 Re6 31. Rab1 Bg6 32. Ne3 b6 33. Rd1 f5
34. Nd5 Re2 35. Nf4 Rc2 36. Nxg6 hxg6 37. Rdc1 Ree2 38. c4 Ra2 39. Rc3 Rxf2 40.
g4 Rg2+ 41. Kf1 0-1

[Event "Mechanics' Fall TNM; G/2"]
[Site "San Francisco"]
[Date "2016.12.06"]
[Round "8.29"]
[White "Erdenebileg, Erkhes"]
[Black "Chan, John"]
[Result "0-1"]
[WhiteElo "1365"]
[BlackElo "1595"]
[PlyCount "90"]
[EventDate "2016.??.??"]

1. e4 e6 2. d4 d5 3. Nc3 Nf6 4. e5 Nfd7 5. f4 g6 6. Be3 a6 7. Nf3 Be7 8. Be2 b6
9. O-O Nc6 10. Qd2 Bb7 11. Kh1 Nf8 12. a3 b5 13. Na2 Nd7 14. c3 Nb6 15. Nb4 Nb8
16. Rac1 c6 17. h3 a5 18. Na2 N8d7 19. Ra1 Nf8 20. Rfd1 Qc7 21. Rf1 Nc8 22.
Rab1 Bd8 23. Kg1 Ne7 24. Bd3 Ng8 25. Qf2 Be7 26. Qd2 Bd8 27. Qf2 Nd7 28. Qd2
Be7 29. Qf2 Nb6 30. Qd2 Nh6 31. Qe2 Nf5 32. Bf2 h5 33. Ng5 h4 34. Qe1 Nc4 35.
Bxf5 gxf5 36. Nf3 Qd8 37. Nd2 Nb6 38. Qe2 Nd7 39. Nc1 Nf8 40. Nd3 Ng6 41. Be1
Ba6 42. Nc5 Bxc5 43. dxc5 b4 44. Qd1 Bxf1 45. Kxf1 Nxf4 0-1

[Event "Mechanics' Spring TNM; G/2"]
[Site "San Francisco"]
[Date "2016.05.03"]
[Round "8.39"]
[White "Erdenebileg, Erkhes"]
[Black "Erickson, Lane Aus"]
[Result "0-1"]
[WhiteElo "1177"]
[BlackElo "1451"]
[Annotator "Donaldson"]
[PlyCount "48"]
[EventDate "2016.??.??"]

1. e4 e6 2. Nf3 d5 3. exd5 exd5 4. d4 Bf5 5. Nc3 Nf6 6. Bb5+ Bd7 (6... c6) 7.
Bxd7+ Nbxd7 8. Ne5 g6 $2 (8... Be7) 9. O-O Bg7 10. Nxd7 Qxd7 11. Be3 $2 (11.
Re1+ $16) 11... O-O 12. h3 Ne8 13. Qd2 b5 14. a3 Nd6 15. b3 Rfc8 (15... Nf5)
16. Nxd5 $4 {Diagram [#]} Ne4 $1 17. Ne7+ Qxe7 18. Qd3 a6 19. a4 b4 20. Rfe1
Nc3 21. Bd2 Qd6 22. Be3 Rd8 23. Bg5 Rd7 24. Qf3 Qd5 0-1

[Event "Mechanics' Winter TNM; G/2"]
[Site "San Francisco"]
[Date "2016.01.05"]
[Round "1.30"]
[White "Erdenebileg, Erkhes"]
[Black "Gomez, David Flores"]
[Result "0-1"]
[WhiteElo "1196"]
[BlackElo "1826"]
[Annotator "Donaldson"]
[PlyCount "26"]
[EventDate "2016.??.??"]

1. e4 e5 2. Nf3 Nc6 3. Bc4 Nf6 4. Ng5 Bc5 {Diagram # The Wilkes-Barre
variation, named after the Pennyslvania coal mining town.} 5. Nxf7 $6 {
This looks natural but} (5. Bxf7+ Ke7 6. Bd5 {
is considered stronger (and safer!). Now Black launches a sharp counterattack.}
) 5... Bxf2+ $1 6. Kxf2 Nxe4+ 7. Ke1 $2 (7. Kg1 {is stronger when} Qh4 8. g3
Nxg3 9. hxg3 Qxg3+ 10. Kf1 Rf8 11. Qh5 d5 12. Bxd5 Nd4 {was the start of a
wild correspondence game in 1968 between Mikhail Tal (Black) and the readers
of the Soviet publication Pravda (Truth).}) 7... Qh4+ 8. g3 Nxg3 9. Rg1 Ne4+ (
9... Nh1+ {leads to the same finish after} 10. Rg3 Nxg3) 10. Rg3 Qxh2 (10...
Nxg3 11. hxg3 Qxg3+ 12. Kf1 d5 {was another path to victory.}) 11. Rf3 Qg1+ (
11... Nd4 $1) 12. Rf1 $4 (12. Bf1 {was more stubborn but Black still wins after
} Nd4 13. d3 Qh2 14. dxe4 Nxc2+ 15. Qxc2 Qxc2) 12... Qg3+ 13. Ke2 Nd4# 0-1

[Event "Mechanics' Summer TNM; G/2"]
[Site "San Francisco"]
[Date "2016.06.14"]
[Round "4.28"]
[White "Erdenebileg, Erkhes"]
[Black "Jensen, Christian"]
[Result "0-1"]
[WhiteElo "1195"]
[BlackElo "1792"]
[Annotator "Donaldson"]
[PlyCount "32"]
[EventDate "2016.??.??"]

1. e4 c5 2. Nf3 d6 3. d4 cxd4 4. Nxd4 Nf6 5. Nc3 g6 6. Be3 Bg7 7. Qd2 $2 (7. f3
) 7... Ng4 8. O-O-O Nxe3 9. Qxe3 Nc6 10. Nxc6 bxc6 11. Bc4 O-O 12. h4 h5 13. f4
Kh7 14. Bd3 e5 15. f5 $4 Bh6 16. fxg6+ fxg6 0-1

[Event "Mechanics' Summer TNM; G/2"]
[Site "San Francisco"]
[Date "2016.07.05"]
[Round "7.35"]
[White "Erdenebileg, Erkhes"]
[Black "McEnroe, Glenn"]
[Result "0-1"]
[WhiteElo "1195"]
[BlackElo "1553"]
[PlyCount "48"]
[EventDate "2016.??.??"]

1. e4 e6 2. d4 d5 3. Nc3 Bb4 4. e5 c5 5. Nge2 Nc6 6. Be3 Nge7 7. f4 Nf5 8. Bf2
cxd4 9. Nxd4 Nfxd4 10. Bxd4 O-O 11. Be2 Qa5 12. O-O $2 (12. a3 Nxd4 13. Qxd4
Bc5 14. Qd3 Bd7 $15) 12... Nxd4 13. Qxd4 $4 Bc5 14. Qxc5 Qxc5+ 15. Kh1 Bd7 16.
Bd3 Rac8 17. f5 b5 18. fxe6 fxe6 19. Rxf8+ Rxf8 20. a3 a5 21. Rf1 Rxf1+ 22.
Bxf1 Qf2 23. Bd3 Qe1+ 24. Bf1 Qxf1# 0-1

[Event "Mechanics' Summer TNM; G/2"]
[Site "San Francisco"]
[Date "2016.07.12"]
[Round "8.33"]
[White "Erdenebileg, Erkhes"]
[Black "Morgan, Jerry Dugl"]
[Result "0-1"]
[WhiteElo "1195"]
[BlackElo "1652"]
[PlyCount "58"]
[EventDate "2016.??.??"]

1. e4 Nf6 2. e5 Nd5 3. d4 d6 4. exd6 exd6 5. Nf3 Bg4 6. h3 Bh5 7. Be2 Be7 8.
O-O O-O 9. c4 Nf6 10. Nc3 Nc6 11. d5 Bxf3 12. Bxf3 Ne5 13. Be2 Nfd7 14. b3 Bf6
15. Bb2 Re8 16. Re1 Ng6 17. Qd2 Nc5 18. Nb5 Bxb2 19. Qxb2 a6 20. Nd4 Qf6 21.
Rab1 Ne4 22. Bf3 Nc5 23. Be2 Ne5 24. Qd2 Re7 25. Nf3 Rae8 26. Nxe5 Rxe5 27. Bf3
Kf8 28. Rxe5 Qxe5 29. Kf1 Qh2 0-1